Loading...
Philosophy | 0 | 6 | 1 | 0 | 55 | 82 | 105.33 | 1 | 4 |
Beliefs | 0 | 6 | 2 | 0 | 50 | 89 | 116.50 | 0 | 1 |
Science - Chemistry | 0 | 5 | 0 | 2 | 50 | 84 | 115.20 | 0 | 1 |
Other Academic | 1 | 2 | 0 | 0 | 35 | 57 | 80.67 | 0 | 2 |
Auditory Arts | 0 | 4 | 1 | 0 | 35 | 100 | 112.25 | 0 | 2 |
Visual Arts | 0 | 4 | 3 | 1 | 25 | 102 | 115.50 | 0 | 1 |
Literature - British Literature | 0 | 3 | 1 | 0 | 25 | 115 | 126.00 | 0 | 1 |
Literature - European Literature | 0 | 3 | 1 | 0 | 25 | 118 | 133.00 | 0 | 2 |
Science - Physics | 0 | 3 | 1 | 2 | 25 | 125 | 128.00 | 0 | 0 |
Literature - World Literature | 0 | 3 | 2 | 0 | 20 | 88 | 123.33 | 0 | 2 |
History - World History | 0 | 3 | 2 | 1 | 20 | 108 | 114.33 | 0 | 0 |
Current Events | 0 | 2 | 0 | 0 | 20 | 78 | 91.50 | 1 | 1 |
Literature - American Literature | 0 | 2 | 1 | 1 | 15 | 112 | 126.50 | 0 | 2 |
Geography | 0 | 1 | 0 | 0 | 10 | 78 | 78.00 | 1 | 1 |
Social Science | 0 | 2 | 2 | 1 | 10 | 129 | 129.50 | 0 | 1 |
History - European History | 0 | 3 | 4 | 2 | 10 | 95 | 121.67 | 0 | 1 |
Science - Biology | 0 | 1 | 1 | 1 | 5 | 113 | 113.00 | 0 | 1 |
Fine Arts - Other Arts | 0 | 2 | 3 | 0 | 5 | 70 | 85.00 | 1 | 2 |
History - Other History | 0 | 1 | 1 | 0 | 5 | 67 | 67.00 | 0 | 1 |
History - American History | 1 | 1 | 4 | 0 | 5 | 34 | 82.00 | 0 | 1 |
Science - Other Science | 0 | 2 | 4 | 0 | 0 | 71 | 89.50 | 0 | 0 |
History - Ancient History | 0 | 0 | 3 | 0 | -15 | 0.00 | 0 | 0 |